| 000 | 00366nam a2200109Ia 4500 | ||
|---|---|---|---|
| 005 | 20251222114350.0 | ||
| 008 | 251222s1900||||xx |||||||||||||| ||spa|| | ||
| 082 | _aDVD192.2/P77/2000 | ||
| 245 | 0 | _aEl rol del docente cristiano católico en el medio de la educación superior. | |
| 264 | _bUniversidad Católica Sedes Sapientiae. El Centro Producciones | ||
| 942 | _cDVD | ||
| 999 |
_c1208 _d1208 |
||